00985nam a22002057a 450000500170000000800410001702000150005804000070007304100080008008200210008810000150010924500280012426000260015230000150017852005130019365000180070665000180072470000170074270000200075920210924105007.0210924b ||||| |||| 00| 0 eng d a2246139877 cAL aeng 223a327.12bWISE aDavid Wise aEspionage Establishment aLondonbJonathan Cape a308 p.bHB aTHE ESPIONAGE ESTABLISHMENT describes in unprecedented detail-much of it secret until now-the espionage operations and organizations of the major powers, focusing on the Soviet Union, Great Britain, Communist China and the US. In gathering material for THE ESPIONAGE ESTABLISHMENT, the authors traveled to England, the Soviet Union, Eastern and Western Europe, and Asia. The result is a dramatic, significant and provocative book, of major importance to everyone interested in the rea world in which we live. aEstablishmnet aUnited states aWISE (David) aROSS (Thomas B)